000 00299nam a2200157Ia 4500
100 _aSchmuller/ Joseph
250 _a1
942 _cBK
654 _aComputer
245 _aDynamics HTML
260 _bB.P.B.
_c1998
082 _a6.6
_bPIT
300 _a581
546 _aENGLISH
999 _c24022
_d24022